Swami Anand Thirth (Record no. 6477)

MARC details
000 -LEADER
fixed length control field 00665nam a2200253 a 4500
020 ## - INTERNATIONAL STANDARD BOOK NUMBER
ISBN
082 00 - DEWEY DECIMAL CLASSIFICATION NUMBER
Classification number 306.0899145
Author Cutter AYR
100 ## - MAIN ENTRY--AUTHOR NAME
Author name Ayrookuzhiel, A M Abraham
245 ## - TITLE STATEMENT
Title Swami Anand Thirth
Sub title Untouchability: Gandhian Solution on Trial
260 ## - PUBLICATION, DISTRIBUTION, ETC. (IMPRINT)
Place of publication Delhi
Name of publisher ISPCK
Year of publication 1987
300 ## - PHYSICAL DESCRIPTION
Number of Pages 144p
500 ## - GENERAL NOTE
General note includes index and biblioraphy
505 2# - FORMATTED CONTENTS NOTE
Formatted contents note Appendix
650 ## - SUBJECT ADDED ENTRY--TOPICAL TERM
Topical Term Caste-India
650 ## - SUBJECT ADDED ENTRY--TOPICAL TERM
Topical Term Swami Anand Tirth-Biography
942 ## - ADDED ENTRY ELEMENTS (KOHA)
Koha item type Books
700 1# -
-- Ayrookuzhiel, A M Abraham
Holdings
Collection code Home library Current library Date acquired Cost, normal purchase price Full call number Accession Number Koha item type
  Henry Martyn Institute Library Henry Martyn Institute Library 03/30/2007 30.00 306.0899145 AYR 012779 Books
                   Copyright © 2026 | Henry Martyn Institute | Hyderabad | TS-500052 | INDIA | Implemented by hmi.edu.in
Hit-Count:

Powered by Koha